000 00527nam a2200193Ia 4500
005 20250326124917.0
008 250326s9999 xx 000 0 und d
037 _aTextbook
040 _aFMSL
_beng
_cFMSL
041 _aeng
_2eng
084 _aX:8F K6
_qFMSL
100 _aKeller W
_9738199
245 0 _aManagement accounting for profit control
_cKeller W; Ferrara W L
250 _a2
260 _aLondon
_bLondon, McGraw-Hill
_c1966
300 _a745p
942 _cTB
_hX:8F K6
999 _c1275735
_d1275735